Decodificador de Argentina durante el siglo XIX - Estadísticas

Estadísticas generales
  • Esta prueba ha sido intentada 13 veces
    8 desde el último reinicio
  • La puntuación promedio es 12 de 19
Estadísticas de respuestas
Letra Pista Respuesta % Correcto
G Nombre de pila del marino de origen irlandes padre de la Armada Argentina Guillermo Brown
100%
I Nación que bloqueo el puerto de Buenos Aires entre 1845 y 1850 junto a Francia Inglaterra
100%
R Primer presidente de las Provincias Unidas del Río de la Plata Rivadavia
100%
S Apellido del presidente de la Primera Junta de 1810 Saavedra
100%
S Libertador de Argentina, Chile y Peru San Martin
100%
A Teórico político y diplomático argentino conocido por su obra “Bases y puntos de partida…” Alberdi
86%
M Secretario de Guerra y Gobierno de la Primera Junta Mariano Moreno
86%
A Defensor de los pueblos libres Artigas
71%
N Presidente argentino entre 1874-1880 Nicolas Avellaneda
71%
Mensaje oculto Malvinas Argentinas
57%
A Apellido del alcalde de primer voto del Cabildo de Buenos Aires que tuvo participacion destacada en la defensa de dicha ciudad junto a Santiago de Liniers Alzaga
43%
E Nombre del Caudillo y gobernador Federal de la provincia de Santa Fe entre 1818 y 1838 Estanislao Lopez
43%
L Militar argentino descuartizado y transportado en petacas por la frontera alto-boliviana Lavalle
43%
T Apodo dado a Facundo Quiroga Tigre de los llanos
43%
A Apellido de una de las familias patricias y terratenientes más importantes de la Argentina del siglo XIX Anchorena
29%
I Mayor triunfó militar del General Carlos María de Alvear durante la guerra contra el Brasil Ituzaingó
29%
N Miembro del segundo triunvirato junto a Juan Jose Paso y Antonio Álvarez Jonte Nicolas Rodriguez Peña
29%
V Apellido del líder de la revuelta de los colorados en 1866 Varela
29%
N Apellido del General argentino que demostró enorme valentia en el combate del Tejar Necochea
14%
No se encontraron pruebas coincidentes
Distribución de puntuación
Porcentaje de gente con cada puntuación
Porcentaje por número respondido
Historial de tus puntuaciones
No has intentado esta prueba desde el último reinicio